| 000 | 005370000a22001810004500 | ||
|---|---|---|---|
| 003 | MACL | ||
| 005 | 20160220155916.0 | ||
| 008 | 160220b xxu||||| |||| 00| 0 eng d | ||
| 040 |
_aMACL _cMACL |
||
| 041 | _aHindi | ||
| 082 | _a400 | ||
| 100 |
_aरामगोपाल डा _939278 |
||
| 245 | _aवैदिक व्याकरण | ||
| 260 |
_bनेशनल पब्लिशिंग हाउस _c1965 _aनई दिल्ली |
||
| 350 | _a15 | ||
| 650 |
_aLanguage Grammer _938808 |
||
| 942 |
_cHIN _k400 _2ddc |
||
| 999 |
_c25515 _d25515 |
||